Journeyman rewires property's data relay (Record no. 69311)

MARC details
000 -LEADER
fixed length control field 01367cam a2200253 4500
001 - CONTROL NUMBER
control field ABS65045
008 - FIXED-LENGTH DATA ELEMENTS--GENERAL INFORMATION
fixed length control field 020121n2001 000 0 eng u
035 ## - SYSTEM CONTROL NUMBER
System control number (Sirsi) u116381
100 ## - MAIN ENTRY--PERSONAL NAME
Personal name Tinworth, A
245 ## - TITLE STATEMENT
Title Journeyman rewires property's data relay
260 ## - PUBLICATION, DISTRIBUTION, ETC.
Date of publication, distribution, etc. 2001
490 ## - SERIES STATEMENT
Series statement Estates Gazette
Volume/sequential designation (0150) 15 December 2001, 78-79(2)
520 ## - SUMMARY, ETC.
Summary, etc. Following several missed launch dates, the troubled property investment data exchange Propex is being partly taken over by PrimePitch.com, the online investment marketing service. Article discusses the rationale behind PrimePitch's investment, and suggests that the services are complementary with PrimePitch aimed at the private investor and Propex aimed at the institutional market. Argues that Propex is not trying to eliminate the agent's role, but is designed to facilitate information exchange and requires participation from agents to succeed. Concludes that Propex will still have a hard time ahead, especially with other websites entering the investment market. Includes business models for PrimePitch and Propex. Charts.
590 ## - LOCAL NOTE (RLIN)
Local note ABS
650 ## - SUBJECT ADDED ENTRY--TOPICAL TERM
Topical term or geographic name entry element PROPEX
650 ## - SUBJECT ADDED ENTRY--TOPICAL TERM
Topical term or geographic name entry element INVESTMENT PROPERTY
650 ## - SUBJECT ADDED ENTRY--TOPICAL TERM
Topical term or geographic name entry element INVESTMENT MARKET
650 ## - SUBJECT ADDED ENTRY--TOPICAL TERM
Topical term or geographic name entry element AGENTS
650 ## - SUBJECT ADDED ENTRY--TOPICAL TERM
Topical term or geographic name entry element PRIMEPITCH
650 ## - SUBJECT ADDED ENTRY--TOPICAL TERM
Topical term or geographic name entry element E-COMMERCE
650 ## - SUBJECT ADDED ENTRY--TOPICAL TERM
Topical term or geographic name entry element WEBSITES
690 ## - LOCAL SUBJECT ADDED ENTRY--TOPICAL TERM (OCLC, RLIN)
Topical term or geographic name as entry element INFORMATION TECHNOLOGY-INTERNET
942 ## - ADDED ENTRY ELEMENTS (KOHA)
Suppress in OPAC 0
Holdings
Withdrawn status Lost status Source of classification or shelving scheme Damaged status Not for loan Home library Current library Shelving location Date acquired Total Checkouts Full call number Barcode Date last seen Copy number Price effective from Koha item type
    Dewey Decimal Classification     London London Journal article 21/01/2002   ABS65045 116381-1001 06/08/2019 1 06/08/2019 Journal article